00459 2200181 4500001002100000005001500021035002000036007000300056008004100059020002100100082001100121084002100132100001600153245003900169260003600208300001700244990001600261INLIS00000000000185620250307093248 a0010-0325000003ta250307 g 0 ind  a978402-296-054-6 a297.09 a297.09 RIZ s.c.10 aRizem Aizid1 aSejarah Peradaban Islam Terlengkap aYogyakarta :bDiva Press,c2015 a552 ;c25 cm a2025/h/0003